Civil engineering for the plant engineer.

Saved in:
Bibliographic Details
Main Author: Schwartz, Max, 1922-
Format: Book
Language:English
Published: New York, McGraw-Hill [1972]
Subjects:
LEADER 00863nam a2200253 4500
001 c000039866
003 CARM
005 00000000000000.0
008 711229s1972 nyua b 00100 eng
019 1 |a 610666  |5 LACONCORD2021 
020 |a 0070557101 
035 |a (OCoLC)219295  |5 LACONCORD2021 
050 0 0 |a TA153  |b .S43 
100 1 |a Schwartz, Max,  |d 1922- 
245 1 0 |a Civil engineering for the plant engineer. 
260 |a New York,  |b McGraw-Hill  |c [1972] 
300 |a xiii, 290 p.  |b illus.  |c 23 cm. 
504 |a Bibliography: p. 260-261. 
650 0 |a Civil engineering. 
650 0 |a Plant engineering. 
852 8 |b CARM  |h A2:AI22A0  |i B04495  |p 0202203  |f BK 
082 0 4 |a 624 
999 f f |i d69d27a1-b308-5de7-98b7-7c8416d0ff12  |s 4a0af38c-7cdd-5784-9b06-cf796d861133 
952 f f |p Can circulate  |a CAVAL  |b CAVAL  |c CAVAL  |d CARM 1 Store  |e B04495  |f A2:AI22A0  |h Other scheme  |i book  |m 0202203